000 01934nam0a2200325 4500
001 RU\NLR\BIBL_A\022655417
005 20251223112416.0
010 _a978-5-9509-0716-6
_9500
021 _aRU
_bКН-П-25-055014
_9КН-П-25-5313
035 _a(NLR Aleph) 022655417
090 _a13510216
_c13510216
100 _a20251027d2025 k y0rusy50 ca
101 0 _arus
102 _aRU
105 _aa z 000yy
181 0 _ai
_baxxe
182 0 _an
200 1 _aУправление устойчивостью организаций транспортной отрасли: проблемы, ресурсы, методы
_eмонография
_fЕ. В. Табачникова
_gФедеральное агентство морского и речного транспорта, Федеральное государственное бюджетное образовательное учреждение высшего образования Государственный университет морского и речного флота имени С. О. Макарова
203 _aТекст
_bвизуальный
_cнепосредственный
210 _aСанкт-Петербург
_cИзд-во ГУМРФ имени адмирала С.О. Макарова
_d2025
215 _a126, [1] с.
_cил., табл.
_d21
300 _aНад вып. дан. авт.: Табачникова Е. В., канд. экон. наук, доц.
320 _aБиблиогр.: с. 124–127 (61 назв.)
606 1 _aТранспорт
_xПредприятия
_xУправление
_92356898
_3RU\NLR\AUTH\661407725
686 1 _aУ37(2)-21(2Р)
700 1 _aТабачникова
_bЕ. В.
_cканд. экон. наук
_gЕкатерина Викторовна
_9189017
_3RU\NLR\AUTH\770189068
942 _cBOOK
980 _aNB